Soil and Biogeography / (Record no. 43356)
[ view plain ]
| 000 -LEADER | |
|---|---|
| fixed length control field | 00658nam a2200265Ia 4500 |
| 001 - CONTROL NUMBER | |
| control field | 43390 |
| 005 - DATE AND TIME OF LATEST TRANSACTION | |
| control field | 20240114003545.0 |
| 007 - PHYSICAL DESCRIPTION FIXED FIELD--GENERAL INFORMATION | |
| fixed length control field | ta |
| 008 - FIXED-LENGTH DATA ELEMENTS--GENERAL INFORMATION | |
| fixed length control field | 080929s2005 g b000 u 465 u |
| 040 ## - CATALOGING SOURCE | |
| Original cataloging agency | Cotton College,assam |
| 041 ## - LANGUAGE CODE | |
| Language code of text/sound track or separate title | 465 |
| 082 ## - DEWEY DECIMAL CLASSIFICATION NUMBER | |
| Classification number | 910.55 |
| Item number | Da 26 So |
| 100 ## - MAIN ENTRY--PERSONAL NAME | |
| Personal name | Das, D M . |
| 245 #0 - TITLE STATEMENT | |
| Title | Soil and Biogeography / |
| Statement of responsibility, etc. | D M Das. |
| Medium | Textual Documents |
| 250 ## - EDITION STATEMENT | |
| Edition statement | 1st ed / |
| 260 ## - PUBLICATION, DISTRIBUTION, ETC. | |
| Place of publication, distribution, etc. | Abhayapuri : |
| Name of publisher, distributor, etc. | Saha Book Stall , |
| Date of publication, distribution, etc. | 2005. |
| 653 ## - INDEX TERM--UNCONTROLLED | |
| Uncontrolled term | Geography-Soil |
| 653 ## - INDEX TERM--UNCONTROLLED | |
| Uncontrolled term | Biogeography |
| 653 ## - INDEX TERM--UNCONTROLLED | |
| Uncontrolled term | G-Geography |
| 653 ## - INDEX TERM--UNCONTROLLED | |
| Uncontrolled term | PG-Geography |
| 942 ## - ADDED ENTRY ELEMENTS (KOHA) | |
| Source of classification or shelving scheme | Dewey Decimal Classification |
| Koha item type | Books |
| Withdrawn status | Lost status | Damaged status | Not for loan | Collection | Home library | Current library | Date acquired | Coded location qualifier | Total checkouts | Full call number | Barcode | Date last seen | Copy number | Price effective from | Koha item type |
|---|---|---|---|---|---|---|---|---|---|---|---|---|---|---|---|
| Dr. Suryya Kumar Bhuyan Library | Dr. Suryya Kumar Bhuyan Library | 01/02/2012 | 00000 | 910.55 Da 26 So | 90799 | 14/01/2024 | 2 | 01/02/2012 | Books | ||||||
| Dr. Suryya Kumar Bhuyan Library | Dr. Suryya Kumar Bhuyan Library | 01/02/2012 | 00000 | 910.55 Da 26 So | 90798 | 14/01/2024 | 1 | 01/02/2012 | Books |
